000 00546nmm a2200169Ia 4500
008 251105s9999||||xx |||||||||||||||||und||
020 _a9788474852868
041 _aspa
100 _aGonzález Vadillo, José Luis
245 0 _aComportamiento humano : El recurso básico de las organizaciones empresariales
264 _a[Madrid, España] :
_bUniversidad de Deusto,
_c1993
300 _a478 páginas
490 _aAmarillo - Serie Economía
650 _aSociology
856 _uhttps://public.digitaliapublishing.com/a/18049
942 _cCF
999 _c84860
_d84860